000 00755nam a2200253Ia 4500
003 OSt
005 20221005050137.0
006 a|||||r|||| 00| 0
007 ta
008 221004b |||||||| |||| 00| 0 ben d
020 _a8176129089 (hbk)
024 _a22474
037 _bGift, 01/10/2015,
_cTextual
040 _aCRL
_cCRL
_bben
041 _2ben
_aben
082 _aO111,3M591,BH, 157P2
100 _aDoyle Arhur Conan
_9594324
245 0 _aBaskar vildar hound
_b Sherlock holmes novel
260 _aKolkatta
_bDey's Publishing Indi
_c2002
300 _a181p.
_ccm.
650 _aENGLISH LITERATURE
942 _hO111,3M591,BH, 157P2
_cTEXL
_2cc
999 _c956421
_d956421